Headway. Pre-Intermediate : Student's Book /

Gespeichert in:
Bibliographische Detailangaben
1. Verfasser: Soars, John and Liz (Verfasst von)
Format: Buch
Sprache:Englisch
Veröffentlicht: Oxford : Oxford University Press, 1991
Tags: Tag hinzufügen
Keine Tags, Fügen Sie das erste Tag hinzu!

MARC

LEADER 00000nam a22000003a 4500
001 stu18136
005 20150617225754.2
008 920107s1991----uk------------------eng-d
020 |a 0-19-433987-4 
040 |a STU  |b slo 
041 0 |a eng 
044 |a uk 
080 |a 802.0 
100 1 |a Soars, John and Liz  |4 aut 
245 1 |a Headway. Pre-Intermediate :  |b Student's Book /  |c [aut.]Soars,John and Liz 
260 |a Oxford :  |b Oxford University Press,  |c 1991 
300 |a 143 s :  |b Obr.,tab 
996 |b C95251  |c C*95251  |l CCVII  |s P  |a 0  |w stu18136_0001 
996 |b C88814  |c C*88814  |l CCXVII  |s P  |a 0  |w stu18136_0002 
996 |b C95163  |c C*95163  |l CCI  |s A  |a 24  |w stu18136_0003 
996 |b C94423  |c C*94423  |l CCXXVI  |s P  |a 0  |w stu18136_0004